Irrigation Water Power and Water Resource Engineering (Record no. 5880)
[ view plain ]
| 000 -LEADER | |
|---|---|
| fixed length control field | 00362nam a2200145Ia 4500 |
| 003 - CONTROL NUMBER IDENTIFIER | |
| control field | OSt |
| 008 - FIXED-LENGTH DATA ELEMENTS--GENERAL INFORMATION | |
| fixed length control field | 191201s2013 xx 000 0 und d |
| 100 ## - MAIN ENTRY--PERSONAL NAME | |
| Personal name | ARORA, KR |
| 245 #0 - TITLE STATEMENT | |
| Title | Irrigation Water Power and Water Resource Engineering |
| 250 ## - EDITION STATEMENT | |
| Edition statement | Rep |
| 260 ## - PUBLICATION, DISTRIBUTION, ETC. (IMPRINT) | |
| Place of publication, distribution, etc | N. Delhi |
| Name of publisher, distributor, etc | Standard Publishere |
| Date of publication, distribution, etc | 2013 |
| 300 ## - PHYSICAL DESCRIPTION | |
| Extent | 1106 |
| 650 ## - SUBJECT ADDED ENTRY--TOPICAL TERM | |
| Topical term or geographic name as entry element | B.Tech(CE) |
| 942 ## - ADDED ENTRY ELEMENTS (KOHA) | |
| Source of classification or shelving scheme | Dewey Decimal Classification |
| Koha item type | Text Books |
| Withdrawn status | Lost status | Source of classification or shelving scheme | Damaged status | Not for loan | Collection code | Home library | Current library | Date acquired | Source of acquisition | Cost, normal purchase price | Bill Number | Total Checkouts | Full call number | Acc. no. / Barcode | Date last seen | Actual Cost, discounted price | Bill Date | Koha item type | Date last borrowed |
|---|---|---|---|---|---|---|---|---|---|---|---|---|---|---|---|---|---|---|---|
| Dewey Decimal Classification | B.Tech(CE) | PIET C-LIBRARY | PIET C-LIBRARY | 19/03/2014 | IBH, New Delhi | 450.00 | 23028 | 627.52 MII | 23843 | 04/12/2019 | 345.60 | 13/03/2014 | Text Books | ||||||
| Dewey Decimal Classification | B.Tech(CE) | PIET C-LIBRARY | PIET C-LIBRARY | 19/03/2014 | IBH, New Delhi | 450.00 | 23028 | 627.52 MII | 23844 | 04/12/2019 | 345.60 | 13/03/2014 | Text Books | ||||||
| Dewey Decimal Classification | B.Tech(CE) | PIET C-LIBRARY | PIET C-LIBRARY | 19/03/2014 | IBH, New Delhi | 450.00 | 23028 | 1 | 627.52 MII | 23845 | 23/05/2022 | 345.60 | 13/03/2014 | Text Books | 21/05/2022 | ||||
| Dewey Decimal Classification | B.Tech(CE) | PIET C-LIBRARY | PIET C-LIBRARY | 19/03/2014 | IBH, New Delhi | 450.00 | 23028 | 3 | 627.52 MII | 23846 | 22/05/2023 | 345.60 | 13/03/2014 | Text Books | 15/05/2023 | ||||
| Dewey Decimal Classification | B.Tech(CE) | PIET C-LIBRARY | PIET C-LIBRARY | 19/03/2014 | IBH, New Delhi | 450.00 | 23028 | 627.52 MII | 23847 | 04/12/2019 | 345.60 | 13/03/2014 | Text Books |